000 00323nam a22001457a 4500
008 210514b ||||| |||| 00| 0 eng d
020 _a9780201737196
041 _aeng
080 _22nd
_a72
082 _a72
100 _a41
101 _aARK
245 _aArchitecture Reference Manual
_cDavid Seal
942 _2udc
_cBK
999 _c57325
_d57325